[Event "Negambo op 4th"]
[Site "Negambo"]
[Date "2018.08.20"]
[Round "9"]
[White "Ranasinghe, Sachini D"]
[Black "Jayasuriya, Linali Andrea"]
[Result "1-0"]
[WhiteElo "1785"]
[BlackElo "1306"]
[PlyCount "97"]
[EventDate "2018.08.16"]
[EventType "swiss"]
[EventRounds "10"]
[EventCountry "SRI"]
[SourceTitle "CBM 186 Extra"]
[Source "ChessBase"]
[SourceDate "2018.08.24"]
[SourceVersion "1"]
[SourceVersionDate "2018.08.24"]
[SourceQuality "1"]

1. Nf3 d5 2. d4 Nf6 3. g3 e6 4. Bg2 c5 5. 0-0 Nc6 6. b3 b5 7. c4 bxc4 8. bxc4 cxd4 9. Nxd4 Nxd4 10. Qxd4 Bb7 11. Nc3 Bb4 12. Rd1 Bxc3 13. Qxc3 Qb6 14. Be3 Qa6 15. Bg5 Rc8 16. Bxf6 Rxc4 17. Qe5 gxf6 18. Qxf6 Rf8 19. e4 Rc2 20. exd5 exd5 21. Re1+ Re2 22. Qxa6 Bxa6 23. Bf1 Rxe1 24. Rxe1+ Kd7 25. Bxa6 Rb8 26. Rd1 Ke6 27. Rd2 Rb1+ 28. Kg2 Rc1 29. Bb7 Rc5 30. f4 f5 31. Kh3 Rb5 32. Bc8+ Kf6 33. Bd7 Rc5 34. a4 a5 35. Bb5 Ke6 36. g4 Rc3+ 37. Kh4 Rf3 38. gxf5+ Kxf5 39. Rxd5+ Ke4 40. Rg5 Rxf4+ 41. Rg4 Ke3 42. Rxf4 Kxf4 43. Bd3 Ke3 44. Bxh7 Kf4 45. h3 Ke5 46. Kg5 Ke6 47. Bg8+ Ke7 48. Kg6 Kf8 49. Bc4 1-0

[Event "SRI-chB (Women)"]
[Site "Colombo"]
[Date "2018.03.03"]
[Round "4"]
[White "Jayasuriya, Linali Andrea"]
[Black "Basnayake, IU."]
[Result "0-1"]
[WhiteElo "1342"]
[BlackElo "1725"]
[PlyCount "72"]
[EventDate "2018.03.01"]
[EventType "swiss"]
[EventRounds "10"]
[EventCountry "SRI"]
[SourceTitle "EXT 2019"]
[Source "ChessBase"]
[SourceDate "2018.10.10"]
[SourceVersion "1"]
[SourceVersionDate "2018.10.10"]
[SourceQuality "1"]

1. d4 Nf6 2. c4 g6 3. Nc3 d5 4. f3 Nc6 5. cxd5 Nxd5 6. e4 Nxc3 7. bxc3 Bg7 8. Bc4 Na5 9. Bd3 c5 10. Ne2 cxd4 11. cxd4 0-0 12. Bb2 Nc6 13. e5 Nb4 14. Bb1 Nd5 15. Qd2 Qb6 16. Be4 Rd8 17. h4 h5 18. Ba3 Be6 19. f4 Bg4 20. Bc5 Qc7 21. Rc1 Bxe2 22. Kxe2 Qd7 23. f5 gxf5 24. Bf3 Qe6 25. Qg5 f6 26. Bxd5 Rxd5 27. Qxh5 fxe5 28. Rhe1 e4 29. Qg5 Kf8 30. Qg3 Bh6 31. Rb1 b6 32. Bb4 Rxd4 33. Red1 Qc4+ 34. Ke1 Rxd1+ 35. Kxd1 Rd8+ 36. Ke1 Rd3 0-1

[Event "Negombo op 2nd"]
[Site "Negombo"]
[Date "2016.08.17"]
[Round "9"]
[White "Jayasuriya, Linali Andrea"]
[Black "Abhimanyu, Iraja"]
[Result "1/2-1/2"]
[WhiteElo "1295"]
[BlackElo "1610"]
[PlyCount "48"]
[EventDate "2016.08.13"]
[EventType "swiss"]
[EventRounds "9"]
[EventCountry "SRI"]
[SourceTitle "EXT 2019"]
[Source "ChessBase"]
[SourceDate "2018.10.10"]
[SourceVersion "1"]
[SourceVersionDate "2018.10.10"]
[SourceQuality "1"]

1. d4 Nf6 2. c4 e5 3. dxe5 Ng4 4. Nf3 Nc6 5. Bf4 Bb4+ 6. Nbd2 Qe7 7. e3 Ngxe5 8. Nxe5 Nxe5 9. a3 Bxd2+ 10. Qxd2 0-0 11. Qd4 d6 12. c5 Bf5 13. cxd6 cxd6 14. Rd1 Rfd8 15. Be2 f6 16. 0-0 Be6 17. Rd2 Nf7 18. Qb4 a5 19. Qb6 Ne5 20. Rfd1 d5 21. e4 Rd6 22. Qc5 b6 23. Qd4 Bf7 24. Qe3 Rad8 1/2-1/2